000 00219 a2200097 4500
001 52714
100 _aBennett C E
245 _aPhysics Problems
260 _aNew York
_bBarnes & Noble Books
_c
090 _c33158
_d33158
942 _aNUST-CAE
_cM
_c25734
999 _c287787
_d287787